000 00324nam a22001337a 4500
008 181106b xxu||||| |||| 00| 0 eng d
020 _a9780131487277
041 _aeng
080 _a316
100 _a49
101 _aSOC
245 _aExploring Human Behavior And The Social Environment
_cFur.L.A
942 _2udc
_cBK
999 _c51921
_d51921